| 000 | 00428cam a2200169 4500 | ||
|---|---|---|---|
| 001 | D14348 | ||
| 008 | 090401t1969 xxu||||| |||| 00| 0 eng d | ||
| 035 | _a(Sirsi) u94712 | ||
| 041 | _aeng | ||
| 100 | _aWalker-Smith, D. | ||
| 245 | _a1969 supplement to the standard form of building contract | ||
| 260 |
_aLondon _bCharles Knight & Co Ltd _c1969 |
||
| 350 | _a0 | ||
| 520 | _aShelf 136 | ||
| 942 | _n0 | ||
| 948 | _c04/03/1997 | ||
| 999 |
_c98140 _d98140 |
||